000 00601nam a2200193Ia 4500
005 20250507130214.0
008 008 250505s9999 xx 000 0 eng d
037 _aSeries Article
040 _aEASL
_beng
_cEASL
041 _aeng
_2eng
084 _qEASL
100 _aReyes Raquel A.G
_9668820
245 0 _aModernizing the manilena:Technologies of conspicuous consumption for the well-to-do woman,circa 1880s-1930s
260 _aUK
_bCambridge Cambridge University Press UK
_c2012
300 _a193-220
650 _aTechnologies
942 _cSRA
999 _c1318309
_d1318309